00301 2200121 4500001002100000005001500021035002400036090001700060245004200077260003100119300001100150990001800161YOGYA00000000003235420140823032437 0010-081400000032072 aBR 813 Har M aMiss Jutek Vol 8cHardiwijaya, Yonnie aJakartabGagas Mediac2006 a30 cm. a48649-PD/B.09